00252 a2200109 4500001000700000020000600007040001100013100002400024240004500048245004000093362000900133174093 a  cMagnum aPimenta, Arlindo C.10aSonhar, brincar, criar, interpretarlpor10aSonhar, brincar, criar, interpretar0 a1899